Statistics for Top 10 MLB Players By Position

Click here to take the quiz!

General Stats

  • This quiz has been taken 287 times
    (270 since last reset)
  • The average score is 46 of 110

Answer Stats

RankPOSTeamPlayer% Correct
1CSan Francisco GiantsBuster Posey
92%
2CNew York YankeesGary Sanchez
78%
5CSt. Louis CardinalsYadier Molina
78%
21BChicago CubsAnthony Rizzo
76%
11BCincinnati RedsJoey Votto
76%
6CKansas City RoyalsSalvador Perez
74%
41BAtlanta BravesFreddie Freeman
72%
12BHouston AstrosJose Altuve
71%
31BArizona DiamondbacksPaul Goldschmidt
69%
1CFLos Angeles AngelsMike Trout
67%
51BLos Angeles DodgersCody Bellinger
63%
42BChicago CubsJavier Baez
63%
3CChicago CubsWillson Contreras
63%
3RFNew York YankeesAaron Judge
62%
53BLos Angeles DodgersJustin Turner
62%
4SSWashington NationalsTrea Turner
62%
1SPLos Angeles DodgersClayton Kershaw
61%
13BChicago CubsKris Bryant
61%
1SSCleveland IndiansFrancisco Lindor
60%
91BChicago White SoxJose Abreu
60%
5SPHouston AstrosJustin Verlander
60%
2SSHouston AstrosCarlos Correa
59%
3SSLos Angeles DodgersCorey Seager
59%
2RFBoston Red SoxMookie Betts
59%
81BSan Francisco GiantsBrandon Belt
58%
1RFWashington NationalsBryce Harper
57%
3SPBoston Red SoxChris Sale
57%
4CMiami MarlinsJ.T Realmuto
57%
2SPWashington NationalsMax Scherzer
57%
23BColorado RockiesNolan Arenado
57%
1LFNew York YankeesGiancarlo Stanton
55%
43BBaltimore OriolesManny Machado
54%
5RFMilwaukee BrewersChristian Yelich
53%
5DHBoston Red SoxHanley Ramirez
52%
73BCleveland IndiansJose Ramirez
52%
9SSColorado RockiesTrevor Story
52%
103BHouston AstrosAlex Bregman
51%
61BSan Diego PadresEric Hosmer
50%
6DHLos Angeles AngelsAlbert Pujols
49%
93BWashington NationalsAnthony Rendon
49%
1RPNew York YankeesAroldis Chapman
49%
2CFHouston AstrosGeorge Springer
49%
4DHBoston Red SoxJ.D Martinez
49%
8DHDetroit TigersVictor Martinez
49%
4SPCleveland IndiansCorey Kluber
48%
92BNew York YankeesGleyber Torres
48%
33BToronto Blue JaysJosh Donaldson
48%
3CFColorado RockiesCharlie Blackmon
47%
4LFOakland A'sKhris Davis
47%
32BSeattle MarinersRobinson Cano
47%
7RPColorado RockiesWade Davis
47%
5SSBoston Red SoxXander Bogaerts
47%
63BTexas RangersAdrian Beltre
44%
7CLos Angeles DodgersYasmani Grandal
43%
22BWashington NationalsDaniel Murphy
42%
6SSLos Angeles AngelsAndrelton Simmons
41%
82BBoston Red SoxDustin Pedroia
41%
8SPSan Francisco GiantsMadison Bumgarner
41%
7SPWashington NationalsStephen Strasburg
41%
3DHSeattle MarinersNelson Cruz
40%
2RPLos Angeles DodgersKenley Jansen
39%
10SSChicago CubsAddison Russell
38%
7CFMilwaukee BrewrsLorenzo Cain
38%
6SPNew York MetsNoah Syndergaard
38%
10CFBoston Red SoxJackie Bradley Jr
36%
102BMiami MarlinsStarlin Castro
36%
7LFMilwaukee BrewersRyan Braun
34%
72BMinnesota TwinsBrian Dozier
33%
3LFNew York MetsYoenis Cespedes
33%
83BSan Francisco GiantsEvan Longoria
32%
62BColorado RockiesD.J LeMahieu
30%
71BSt. Louis CardinalsMatt Carpenter
30%
9LFCleveland IndiansMichael Brantley
30%
101BPhiladelphia PhilliesCarlos Santana
29%
7RFChicago CubsJason Heyward
29%
3RPCleveland IndiansAndrew Miller
28%
7SSNew York YankeesDidi Gregorius
28%
2LFSt. Louis CardinalsMarcell Ozuna
28%
8SSSt. Louis CardinalsPaul DeJong
28%
9CHouston AstrosBrian McCann
27%
1DHCleveland IndiansEdwin Encarnacion
27%
6LFLos Angeles AngelsJustin Upton
27%
9SPChicago CubsKyle Hendricks
27%
6RPBoston Red SoxCraig Kimbrel
26%
8CSeattle MarinersMike Zunino
25%
4RFSeattle MarinersMitch Haniger
25%
52BBaltimore OriolesJonathan Schoop
24%
4CFTampa Bay RaysKevin Kiermaier
24%
9RFLos Angeles DodgersYasiel Puig
24%
10SPSan Francisco GiantsJohnny Cueto
23%
5LFBoston Red SoxAndrew Benintendi
22%
6CFNew York MetsMichael Conforto
22%
7DHMinnesota TwinsMiguel Sano
22%
8LFBaltimore OriolesTrey Mancini
22%
4RPBaltimore OriolesZach Britton
22%
10RPNew York YankeesDellin Betances
21%
6RFSan Francisco GiantsHunter Pence
21%
8RFSt. Louis CardinalsDexter Fowler
20%
2DHBaltimore OriolesMark Trumbo
18%
10RFHouston AstrosJosh Reddick
17%
10LFLos Angeles DodgersMatt Kemp
17%
5CFSt. Louis CardinalsTommy Pham
17%
8CFChicago CubsAlbert Almora Jr
15%
9RPSan Diego PadresBrad Hand
15%
10COakland A'sJonathan Lucroy
15%
5RPSan Francisco GiantsMark Melancon
14%
9CFSan Francisco GiantsAndrew McCutchen
10%
8RPKansas City RoyalsKelvin Herrera
10%
10DHToronto Blue JaysKendrys Morales
6%
9DHChicago White SoxMatt Davidson
4%

Score Distribution

Percentile by Number Answered

Percent of People with Each Score

Your Score History

You have not taken this quiz since the last reset